000 00340nam a22001337a 4500
003 URS
005 20220114171940.0
008 180625b xxu||||| |||| 00| 0 eng d
020 _a9780073045597
050 1 4 _aZ 52.3
_bG78 2005
100 1 _aGregg,
_e2005-
245 1 0 _aCollege keyboarding and document processing :
_cGregg.
942 _2lcc
_cFR
999 _c15256
_d15256